000 00659nam a2200229Ia 4500
003 OSt
005 20230518162331.0
008 210423s1936 xx 000 0 und d
020 _a9788189059675
040 _cAL
041 _aeng
082 _a305.5122 AMBA
100 _aAMBEDKAR (B R)
_9108731
245 _aAnnihilation of caste: The annotated critical edition
260 _aNew Delhi
_bNavayana Publishing
_c1936
300 _a415
_bPB
365 _b395
_cINR
650 _aSocial Classes
_9108732
650 _aSocial Sciences
_9108733
906 _aAnnihilation ; annotated ; caste: ; critical ; edition ; prepared ; speech
942 _2ddc
_cBK
999 _c167796
_d167796